Insurance / (Record no. 29369)
[ view plain ]
| 000 -LEADER | |
|---|---|
| fixed length control field | 00772nam a22002175a 4500 |
| 005 - DATE AND TIME OF LATEST TRANSACTION | |
| control field | 20090821120125.0 |
| 008 - FIXED-LENGTH DATA ELEMENTS--GENERAL INFORMATION | |
| fixed length control field | 090106s2008 ii b 001 0 eng |
| 010 ## - LCCN (DPL NO) | |
| LC control number | ENG-94787 |
| 020 ## - INTERNATIONAL STANDARD BOOK NUMBER | |
| International Standard Book Number | 8190715515 |
| Terms of availability | 75.00 |
| 035 ## - SYSTEM CONTROL NUMBER | |
| System control number | EN-78320 |
| 037 ## - SOURCE OF ACQUISITION | |
| Source of stock number/acquisition | DBAD / PUB |
| 040 ## - CATALOGING SOURCE | |
| Original cataloging agency | dpl |
| Language of cataloging | English |
| 082 ## - DEWEY DECIMAL CLASSIFICATION NUMBER | |
| Classification number | 368 |
| 100 ## - MAIN ENTRY--PERSONAL NAME | |
| Personal name | Buvaneswaran, V. |
| 245 ## - TITLE STATEMENT | |
| Title | Insurance / |
| Statement of responsibility, etc | by V. Buvaneswaran |
| 260 ## - PUBLICATION, DISTRIBUTION, ETC. (IMPRINT) | |
| Place of publication, distribution, etc | Thanjavur |
| Name of publisher, distributor, etc | Global Publications |
| Date of publication, distribution, etc | 2008 |
| 270 ## - ADDRESS | |
| Address | Department of Management Studies, Marudupandiyar Collge, Vallam (Post) |
| City | Thanjavur |
| Postal code | 613403 |
| 300 ## - PHYSICAL DESCRIPTION | |
| Extent | 133p. |
| Dimensions | 22cm(pbk) |
| 942 ## - ADDED ENTRY ELEMENTS (KOHA) | |
| Source of classification or shelving scheme | Dewey Decimal Classification |
| Item type | English Books |
| Call number suffix | BUV |
| Classification part | 368 |
| Withdrawn status | Lost status | Source of classification or shelving scheme | Damaged status | Not for loan | Collection code | Home library | Current library | Date acquired | Source of acquisition | Cost, normal purchase price | Total Checkouts | Full call number | Barcode | Date last seen | Copy number | Cost, replacement price | Koha item type |
|---|---|---|---|---|---|---|---|---|---|---|---|---|---|---|---|---|---|
| Dewey Decimal Classification | Not For Loan | Non-fiction | D.B.Act.Division | D.B.Act.Division | 21/08/2009 | DBAD / PUB | 75.00 | 368 BUV | EN-78320 | 21/08/2009 | 1 | 75.00 | English Books |
